=LDR 00000nam 2200000 4500 =001 INLIS000000000024961 =005 20130612123516 =008 ***********************************Ind** =035 ##$$0010-061300000024961 =041 ##$$a Ind =082 ##$$a 332.1 =090 ##$$a 332.1, Isw u =100 ##$$a Iswardono =245 ##$$a Uang dan Bank, Drs. Iswardono, SP, MA =260 ##$$a 1994 $b Yogyakarta =300 ##$$a 349 hlm, 21 cm =650 ##$$a Bank dan Perbankan =850 ##$$a NBPNMAT